Organic syntheses with isotopes / (Record no. 14578)
[ view plain ]
| 000 -LEADER | |
|---|---|
| fixed length control field | 00912cam a22002651 4500 |
| 001 - CONTROL NUMBER | |
| control field | 14578 |
| 003 - CONTROL NUMBER IDENTIFIER | |
| rucl marc code | BD-RjUL |
| 005 - DATE AND TIME OF LATEST TRANSACTION | |
| control field | 20211208235643.0 |
| 008 - FIXED-LENGTH DATA ELEMENTS--GENERAL INFORMATION | |
| fixed length control field | 140206s1958 nyu b 001 0 eng d |
| 035 ## - SYSTEM CONTROL NUMBER | |
| System control number | (BD-RjUL)14631 |
| 040 ## - CATALOGING SOURCE | |
| Original cataloging agency | DLC/ICU |
| Transcribing agency | ICU |
| Modifying agency | DLC |
| -- | BD-RjUL |
| Language of cataloging | eng |
| 041 ## - LANGUAGE CODE | |
| Language code of text/sound track or separate title | eng |
| 082 00 - DEWEY DECIMAL CLASSIFICATION NUMBER | |
| Classification number | 547 |
| Author mark and year | MUO 1958 |
| 100 1# - MAIN ENTRY--PERSONAL NAME | |
| Personal name | Murray, Arthur, |
| Dates associated with a name | 1913- |
| 9 (RLIN) | 45453 |
| 245 10 - TITLE STATEMENT | |
| Title | Organic syntheses with isotopes / |
| Statement of responsibility, etc. | by Arthur Murray, III, and D. Lloyd Williams. |
| Number of part/section of a work | Part II |
| Name of part/section of a work | Organic Compounds Labeled With Isotopes of the Halogens |
| 260 ## - PUBLICATION, DISTRIBUTION, ETC. (IMPRINT) | |
| Place of publication, distribution, etc. | New York : |
| Name of publisher, distributor, etc. | Interscience Publishers, |
| Date of publication, distribution, etc. | 1958. |
| 300 ## - PHYSICAL DESCRIPTION | |
| Pagination | x, 2096 p. ; |
| Size | 24 cm. |
| 504 ## - BIBLIOGRAPHY, ETC. NOTE | |
| Bibliography, etc | Includes bibliographical references and Index |
| 505 ## - FORMATTED CONTENTS NOTE | |
| Formatted contents note | Pt. 1 -- 2 |
| 650 #0 - SUBJECT ADDED ENTRY--TOPICAL TERM | |
| Topical term or geographic name as entry element | Organic compounds |
| General subdivision | Synthesis. |
| 9 (RLIN) | 45454 |
| Topical term or geographic name as entry element | Isotopes. |
| 9 (RLIN) | 45455 |
| 700 1# - ADDED ENTRY--PERSONAL NAME | |
| Personal name | Williams, D. Lloyd |
| Fuller form of name | (David Lloyd), |
| Relator term | joint author. |
| 942 ## - ADDED ENTRY ELEMENTS (KOHA) | |
| Source of classification or shelving scheme | Dewey Decimal Classification |
| Koha item type | Books |
| Lost status | Source of classification or shelving scheme | Damaged status | Not for loan | Collection code | Permanent Location | Current Location | Shelving location | Date acquired | Source of acquisition | Cost, normal purchase price | Total Checkouts | Full call number | Date last seen | Copy number | Koha item type |
|---|---|---|---|---|---|---|---|---|---|---|---|---|---|---|---|
| Dewey Decimal Classification | Not For Loan | Non-fiction | Central Library, University of Rajshahi | Central Library, University of Rajshahi | Reading Room | 21/05/1963 | Mirja Book | 132.50 | 547 MUO Pt-2 1958 | 06/02/2014 | C-1 | Books | |||
| Dewey Decimal Classification | Not For Loan | Non-fiction | Central Library, University of Rajshahi | Central Library, University of Rajshahi | Reading Room | 02/12/1965 | Zeitlinger | 207.00 | 547 MUO Pt-1 1958 | 13/09/2021 | C-1 | Books |